<?xml version="1.0" encoding="UTF-8"?>
<record
    xmlns:xsi="http://www.w3.org/2001/XMLSchema-instance"
    xsi:schemaLocation="http://www.loc.gov/MARC21/slim http://www.loc.gov/standards/marcxml/schema/MARC21slim.xsd"
    xmlns="http://www.loc.gov/MARC21/slim">

  <leader>00930nam a22002177a 4500</leader>
  <controlfield tag="003">UA-OsUOA</controlfield>
  <controlfield tag="001"> 81332 </controlfield>
  <controlfield tag="007">ta</controlfield>
  <controlfield tag="008">20120125b un ||||| |||| 00| 0 ukr d</controlfield>
  <datafield tag="090" ind1=" " ind2=" ">
    <subfield code="a">811.161.2(082)</subfield>
    <subfield code="b">&#x422;29</subfield>
  </datafield>
  <datafield tag="942" ind1=" " ind2=" ">
    <subfield code="c">BK</subfield>
  </datafield>
  <datafield tag="040" ind1=" " ind2=" ">
    <subfield code="a">UA-OsUOA</subfield>
    <subfield code="b">ukr</subfield>
    <subfield code="c">UA-OsUOA</subfield>
    <subfield code="d">UA-OsUOA</subfield>
  </datafield>
  <datafield tag="245" ind1=" " ind2=" ">
    <subfield code="a">&#x422;&#x435;&#x437;&#x438; &#x43D;&#x430;&#x443;&#x43A;&#x43E;&#x432;&#x43E;&#x457; &#x43A;&#x43E;&#x43D;&#x444;&#x435;&#x440;&#x435;&#x43D;&#x446;&#x456;&#x457; &#x437; &#x43F;&#x440;&#x43E;&#x431;&#x43B;&#x435;&#x43C; &#x441;&#x443;&#x447;&#x430;&#x441;&#x43D;&#x43E;&#x433;&#x43E; &#x443;&#x43A;&#x440;&#x430;&#x457;&#x43D;&#x441;&#x44C;&#x43A;&#x43E;&#x433;&#x43E; &#x43F;&#x440;&#x430;&#x432;&#x43E;&#x43F;&#x438;&#x441;&#x443; &#x456; &#x442;&#x435;&#x440;&#x43C;&#x456;&#x43D;&#x43E;&#x43B;&#x43E;&#x433;&#x456;&#x457;</subfield>
    <subfield code="b">&#x437; &#x43D;&#x430;&#x433;&#x43E;&#x434;&#x438; 70-&#x440;&#x456;&#x447;&#x447;&#x44F; &#x43F;&#x435;&#x440;&#x448;&#x43E;&#x457; &#x412;&#x441;&#x435;&#x443;&#x43A;&#x440;&#x430;&#x457;&#x43D;&#x441;&#x44C;&#x43A;&#x43E;&#x457; &#x43F;&#x440;&#x430;&#x432;&#x43E;&#x43F;&#x438;&#x441;&#x43D;&#x43E;&#x457; &#x43A;&#x43E;&#x43D;&#x444;&#x435;&#x440;&#x435;&#x43D;&#x446;&#x456;&#x457; &#x443; &#x425;&#x430;&#x440;&#x43A;&#x43E;&#x432;&#x456; 1927 &#x440;. 12 - 12 &#x433;&#x440;&#x443;&#x434;&#x43D;&#x44F; 1997 &#x440;.</subfield>
    <subfield code="c">&#x433;&#x43E;&#x43B;. &#x440;&#x435;&#x434;. &#x416;&#x443;&#x43B;&#x438;&#x43D;&#x441;&#x44C;&#x43A;&#x438;&#x439; &#x41C;.&#x413;.</subfield>
  </datafield>
  <datafield tag="300" ind1=" " ind2=" ">
    <subfield code="a">110 &#x441;.</subfield>
  </datafield>
  <datafield tag="955" ind1=" " ind2=" ">
    <subfield code="a">1</subfield>
  </datafield>
  <datafield tag="041" ind1=" " ind2=" ">
    <subfield code="a">ukr</subfield>
  </datafield>
  <datafield tag="080" ind1=" " ind2=" ">
    <subfield code="a">811.161.2(082)</subfield>
  </datafield>
  <datafield tag="260" ind1=" " ind2=" ">
    <subfield code="a">&#x41A;.</subfield>
    <subfield code="c">1997</subfield>
  </datafield>
  <datafield tag="650" ind1=" " ind2="7">
    <subfield code="a">8 &#x41C;&#x43E;&#x432;&#x43E;&#x437;&#x43D;&#x430;&#x432;&#x441;&#x442;&#x432;&#x43E;. &#x425;&#x443;&#x434;&#x43E;&#x436;&#x43D;&#x44F; &#x43B;&#x456;&#x442;&#x435;&#x440;&#x430;&#x442;&#x443;&#x440;&#x430;. &#x41B;&#x456;&#x442;&#x435;&#x440;&#x430;&#x442;&#x443;&#x440;&#x43E;&#x437;&#x43D;&#x430;&#x432;&#x441;&#x442;&#x432;&#x43E;</subfield>
    <subfield code="2">UDC</subfield>
  </datafield>
  <datafield tag="999" ind1=" " ind2=" ">
    <subfield code="c">367645</subfield>
    <subfield code="d">367645</subfield>
  </datafield>
  <datafield tag="952" ind1=" " ind2=" ">
    <subfield code="0">0</subfield>
    <subfield code="1">0</subfield>
    <subfield code="2">udc</subfield>
    <subfield code="4">0</subfield>
    <subfield code="7">0</subfield>
    <subfield code="8">C_ZHULYNSKYI</subfield>
    <subfield code="a">101</subfield>
    <subfield code="b">101</subfield>
    <subfield code="d">2012-01-25</subfield>
    <subfield code="e">3/2012</subfield>
    <subfield code="g">8.00</subfield>
    <subfield code="i">136660</subfield>
    <subfield code="l">0</subfield>
    <subfield code="o">811.161.2(082) &#x422;29</subfield>
    <subfield code="p">136660</subfield>
    <subfield code="r">2021-12-09 00:00:00</subfield>
    <subfield code="w">2012-01-25</subfield>
    <subfield code="y">BK</subfield>
  </datafield>
</record>
